| 000 | 00751nam a2200217Ii 4500 | ||
|---|---|---|---|
| 003 | JO-AjNU | ||
| 008 | 230605s9999||||xx |||||||||||||| ||und|| | ||
| 017 | _a2007/7/2319 | ||
| 040 |
_aJO-AjNU _bara _erda _cJO-AjNU |
||
| 041 | _aara | ||
| 050 | 1 | 4 | _aHD58.95.A222.2008 |
| 100 | 3 |
_aعباس،علي, _eauthor _929642 |
|
| 245 | 0 | 0 | _aالرقابة الادارية في منظمات الاعمال |
| 250 | _aط1 | ||
| 264 | 3 | 1 | _aالشارقة،عمان:مكتبة الجامعة،دار اثراء للنشر والتوزيع،2008 |
| 300 | _a314ص | ||
| 336 |
_atext _btxt _2rdacontent |
||
| 337 |
_aunmediated _bn _2rdamedia |
||
| 338 |
_avolume _bnc _2rdacarrier |
||
| 650 | 4 |
_aادارة الاعمال-الرقابة الادارية _929643 |
|
| 999 |
_aA11653 _c15221 _d15221 |
||